000 00570cam a22002053a 4500
001 33934
003 PGUSA
005 20140828083731.0
008 101011s2010||||xxu|||||s|||||000 | eng d
040 _aPGUSA
_beng
042 _adc
100 1 _aNeville, Kris,
_d1925-1980
245 1 0 _aShe Knew He Was Coming
_h[electronic resource] /
_cKris Neville
260 _bProject Gutenberg,
_c2010
506 _aPublic domain in the USA.
516 _aElectronic text
830 0 _aProject Gutenberg
_v33934
856 4 0 _uhttp://www.gutenberg.org/ebooks/33934
942 _cEB
999 _c263189
_d263189